000 00371nam a22001697a 4500
005 20160614140746.0
008 160614b xxu||||| |||| 00| 0 eng d
020 _a81-203-0950-2
041 _aeng
082 _b7460
100 _aTaha, Hamidy A.
_91894
245 _aOperations Research
260 _bPHI
300 _a811
650 _aManagement
_9241
942 _cBK
999 _c2664
_d2663